Statistics for Most Common Eye Colors

Click here to take the quiz!

General Stats

  • This quiz has been taken 160 times
  • The average score is 6 of 8

Answer Stats

PercentageColor% Correct
8%-10%Blue
99%
55%-79%Brown
99%
2%Green
99%
5%Hazel
84%
<1%Gray
82%
<1%Red/Violet
71%
5%Amber
36%
<1%Heterochromia
11%

Score Distribution

Percentile by Number Answered

Percent of People with Each Score

Your Score History

You have not taken this quiz